Jakiego Sponsora ma Ten Klub - Statystyki

Ogólne statystyki
  • Ten quiz został rozwiązany 94 razy
  • Średni wynik to 4 z 10
Statystyki odpowiedzi
Klub Sponsor % Poprawnych
Manchester United Chevrolet
75%
Juventus Jeep
71%
Real Madryt Fly Emirates
62%
FC Barcelona Rakuten
52%
Chelsea Yokohama
44%
AS Roma Qatar
30%
Wisła Kraków LV Bet
28%
Korona Kielce Suzuki
24%
Liverpool Standard Chartered
23%
Everton SportPesa
6%
Nie znaleziono quizów pasujących do podanych kryteriów
Rozkład punktacji
Procent ludzi z każdym wynikiem
Percentyl według liczby udzielonych odpowiedzi
Twoja historia wyników
Nie rozwiązałeś tego quizu